Ecuador gender review : issues and recommendations. (Record no. 41107)
[ view plain ]
| 000 -LEADER | |
|---|---|
| fixed length control field | 00889nam a2200253 a 4500 |
| 001 - CONTROL NUMBER | |
| control field | 12183862 |
| 008 - FIXED-LENGTH DATA ELEMENTS--GENERAL INFORMATION | |
| fixed length control field | 150331s2000 ||||||||||||||||| || u |
| 010 ## - LIBRARY OF CONGRESS CONTROL NUMBER | |
| LC control number | 00049533 |
| 020 ## - INTERNATIONAL STANDARD BOOK NUMBER | |
| International Standard Book Number | 0821347780 |
| 050 ## - LIBRARY OF CONGRESS CALL NUMBER | |
| Classification number | IBRD(06)CS/2000/4 |
| 100 ## - MAIN ENTRY--PERSONAL NAME | |
| Personal name | Correia, Maria |
| 245 10 - TITLE STATEMENT | |
| Title | Ecuador gender review : issues and recommendations. |
| 260 ## - PUBLICATION, DISTRIBUTION, ETC. | |
| Place of publication, distribution, etc. | Washington, D.C. |
| Name of publisher, distributor, etc. | World Bank |
| Date of publication, distribution, etc. | 2000 |
| 300 ## - PHYSICAL DESCRIPTION | |
| Extent | xv, 81 p. |
| 490 ## - SERIES STATEMENT | |
| Series statement | World Bank Country Study |
| 500 ## - GENERAL NOTE | |
| General note | Includes bibliographical references |
| 650 ## - SUBJECT ADDED ENTRY--TOPICAL TERM | |
| Topical term or geographic name entry element | WOMEN IN DEVELOPMENT--ECUADOR |
| 650 ## - SUBJECT ADDED ENTRY--TOPICAL TERM | |
| Topical term or geographic name entry element | WOMEN IN AGRICULTURE--ECUADOR |
| 650 ## - SUBJECT ADDED ENTRY--TOPICAL TERM | |
| Topical term or geographic name entry element | WOMEN--EDUCATION--ECUADOR |
| 650 ## - SUBJECT ADDED ENTRY--TOPICAL TERM | |
| Topical term or geographic name entry element | WOMEN--HEALTH AND HYGIENE--ECUADOR |
| 700 ## - ADDED ENTRY--PERSONAL NAME | |
| Personal name | Bronkhorst, Bernice van |
| 710 ## - ADDED ENTRY--CORPORATE NAME | |
| Corporate name or jurisdiction name as entry element | World Bank |
| 995 ## - RECOMMENDATION 995 [LOCAL, UNIMARC FRANCE] | |
| -- | CBU-MAIN LIBRARY (Kitwe) |
| -- | 1 |
| -- | AVAILABLE |
| -- | Mar 31, 2015 |
| -- | International Publications |
| Withdrawn status | Lost status | Source of classification or shelving scheme | Damaged status | Not for loan | Home library | Current library | Shelving location | Date acquired | Total Checkouts | Full call number | Barcode | Date last seen | Price effective from | Koha item type |
|---|---|---|---|---|---|---|---|---|---|---|---|---|---|---|
| CBU-MAIN LIBRARY, KITWE. | CBU-MAIN LIBRARY, KITWE. | 11/30/2022 | IBRD(06)CS/2000/4 | 028521 | 11/30/2022 | 11/30/2022 | MONOGRAPH |